Southville International School and Colleges
Your cart is empty.
  • Cart
  • Lists
    Public lists Eva Luna New books Lux_list list_1
    Your lists Log in to create your own lists
  • Log in to your account
  • Your cookies
  • Search history
Southville International School and Colleges
  • Advanced search
  • Recent comments
  • Most popular
  • Libraries

Log in to your account

Log in with GOOGLE


If you do not have an external account, but do have a local account, you can still log in:

  1. Home
  2. MARC view: Introduction to organic and biochemistry /
Normal view MARC view ISBD view

Introduction to organic and biochemistry / (Record no. 14102)

[ view plain ]
MARC details
000 -LEADER
fixed length control field 00760cam a2200241 a 4500
003 - CONTROL NUMBER IDENTIFIER
control field OSt
005 - DATE AND TIME OF LATEST TRANSACTION
control field 20140310182528.0
008 - FIXED-LENGTH DATA ELEMENTS--GENERAL INFORMATION
fixed length control field 060117s2007 caua 000 0 eng
010 ## - LIBRARY OF CONGRESS CONTROL NUMBER
LC control number 2006920737
020 ## - INTERNATIONAL STANDARD BOOK NUMBER
International Standard Book Number 9789814253475
050 00 - LIBRARY OF CONGRESS CALL NUMBER
Classification number QD 253.2
Item number .B565 2008
100 ## - MAIN ENTRY--PERSONAL NAME
Personal name Bettelheim, Frederick A.
9 (RLIN) 9609
245 10 - TITLE STATEMENT
Title Introduction to organic and biochemistry /
Statement of responsibility, etc Frederick A. Bettelheim ... [et al.].
246 30 - VARYING FORM OF TITLE
Title proper/short title Organic and biochemistry
250 ## - EDITION STATEMENT
Edition statement 6th ed.
260 ## - PUBLICATION, DISTRIBUTION, ETC. (IMPRINT)
Place of publication, distribution, etc Belmont, CA :
Name of publisher, distributor, etc Brooks/Cole,
Date of publication, distribution, etc c2008.
300 ## - PHYSICAL DESCRIPTION
Extent 554 p.:
Other physical details ill. ;
Dimensions 26 cm.
650 #0 - SUBJECT ADDED ENTRY--TOPICAL TERM
Topical term or geographic name as entry element Chemistry, Organic
Form subdivision Textbooks.
9 (RLIN) 9610
650 #0 - SUBJECT ADDED ENTRY--TOPICAL TERM
Topical term or geographic name as entry element Biochemistry
Form subdivision Textbooks.
9 (RLIN) 9611
700 1# - ADDED ENTRY--PERSONAL NAME
Personal name Bettelheim, Frederick A.,
Dates associated with a name 1923-
9 (RLIN) 9612
942 ## - ADDED ENTRY ELEMENTS (KOHA)
Source of classification or shelving scheme Library of Congress Classification
Koha item type
Holdings
Withdrawn status Lost status Source of classification or shelving scheme Damaged status Home library Current library Shelving location Date acquired Total Checkouts Total Renewals Full call number Barcode Date last seen Date checked out Copy number Price effective from Koha item type
    Library of Congress Classification   South SEED-LPDH College Library South SEED-LPDH College Library South SEED-LPDH College Section 08/12/2013 4 36 QD 253.2 .B565 2008 SSLC0730 09/06/2018 08/08/2018 1 08/12/2013 Books

Introduction to organic and biochemistry /

APA

Bettelheim F. A., Bettelheim F. A., . (2008). Introduction to organic and biochemistry. Belmont, CA: Brooks/Cole.

Chicago

Bettelheim Frederick A, Bettelheim Frederick A, . 2008. Introduction to organic and biochemistry. Belmont, CA: Brooks/Cole.

Harvard

Bettelheim F. A., Bettelheim F. A., . (2008). Introduction to organic and biochemistry. Belmont, CA: Brooks/Cole.

MLA

Bettelheim Frederick A, Bettelheim Frederick A, . Introduction to organic and biochemistry. Belmont, CA: Brooks/Cole. 2008.

  • Place hold
  • Print
  • Cite
  • Add to your cart (remove)
  • Save record
    BIBTEX Dublin Core MARCXML MARC (non-Unicode/MARC-8) MARC (Unicode/UTF-8) MARC (Unicode/UTF-8, Standard) MODS (XML) RIS
  • More searches
    Search for this title in:
    Other Libraries (WorldCat) Other Databases (Google Scholar) Online Stores (Bookfinder.com) Open Library (openlibrary.org)

Exporting to Dublin Core...

SOUTHVILLE LIBRARY

Southville International School and Colleges Library

1281 Tropical Ave. Cor. Luxembourg St., BF Homes International, Las Pinas City

Tel. No. 8256374 / 252358 Loc. 117/146

Powered by Koha